[Event "EU-Cup 24th"]
[Site "Kallithea"]
[Date "2008.10.21"]
[Round "5"]
[White "Rodshtein, Maxim"]
[Black "Glek, Igor Vladimirovich"]
[Result "1-0"]
[WhiteElo "2609"]
[BlackElo "2512"]
[Annotator "Marin,M"]
[PlyCount "69"]
[EventDate "2008.10.17"]
[EventType "team-swiss"]
[EventRounds "7"]
[EventCountry "GRE"]
[SourceTitle "CBM 127"]
[Source "ChessBase"]
[SourceDate "2008.11.13"]
[SourceVersion "1"]
[SourceVersionDate "2008.11.13"]
[SourceQuality "1"]
[WhiteTeam "Beer Sheva"]
[BlackTeam "Eupen Rochade"]
[WhiteTeamCountry "ISR"]
[BlackTeamCountry "BEL"]

1. d4 e6 2. c4 f5 3. g3 Nf6 4. Bg2 d5 5. Nh3 Bd6 6. O-O O-O 7. Qc2 c6 8. Bf4 {
A strategically ambitious setup, aiming to exchange the dark-squared bishops
without making any structural concession (gxf4). However, the knight may
remain badly placed on h3 in certain cases.} Bxf4 {This move seems illogical.
Black spends a tempo carrying out the exchange that in principle does not
favour him, helping White improve the position of his king's knight at the
same time.} ({There has been some discussion in the line starting with} 8... b6
{, after which both sides try to "convince" the opponent to release the
tension, in order to win the race in development.} 9. Nd2 Bb7 10. Rac1 Na6 {
If White had exchanged on d6 at an earlier stage, Black could have developed
this knight to d7, taking the critical e5-square under control.} 11. cxd5 $1 {
This exchange is justified by White's previous play. The f5 pawn is
insufficiently defended, which forces Black to open the c-file and refrain
from any form of counterplay based on ...c5..} cxd5 12. Qa4 {Taking the queen
out of the range of the enemy knight and preparing Nc4.} ({After the slightly
premature} 12. Nc4 {Black managed to get out of trouble with} Nb4 13. Qd2 dxc4
14. Bxb7 Rb8 15. Bxd6 Qxd6 16. Rxc4 Rxb7 17. Qxb4 Qxb4 18. Rxb4 Rc8 19. Nf4 Kf7
20. h4 Rc2 $44 {Ninov,K (2405)-Padevsky,N (2425)/Sofia 1991/EXT 97 (1-0, 50)})
12... Qe7 13. Bxd6 Qxd6 14. Nc4 $1 Qe7 15. Ne5 $16 {[%cal Gh3f4,Gf4d3] White
achieved everything he could dream of, except for the final result in Ruban,V 
(2320)-Gleizerov,E (2405)/Kursk 1987/EXT 97 (0-1, 48)}) ({With the knight on
h3, it makes sense to "lose a tempo" with} 8... Be7 {[%csl Gh3] , avoiding the
undesirable exchange and leaving White with some problems of coordination.} 9.
Nd2 h6 {Practically forcing White's answer, in view of the threat of isolating
the knight with a further ...g5.} ({An even more ambitious continuation is} 
9... Na6 {, taking the knight out of the range of the enemy bishop in order to
add force to ...h6 and ...g5. Playing ...Nbd7 would be less effective, because
White can play Ng5, winning a tempo by attacking the e6-pawn.} 10. Rfd1 h6 $1
11. a3 g5 12. Be5 Ng4 $1 $10 {Aleksandrov,A (2530)-Gleizerov,E (2525)/
Voskresensk 1993/CBM 038/[Glatman] (1-0, 75)}) 10. Bxb8 Rxb8 {From a dynamic
point of view, this exchange obviously favours Black. White has spent two
tempi with his bishop in order to exchange it for an undeveloped knight.} 11.
Nf4 Qe8 12. Nf3 g5 13. Nd3 {White has regrouped his knights in an optimal way,
keeping the e5-square under firm control. However, a further intrusion on that
square will lead to simplifications, because Black still has his dark-squared
bishop.} Bd6 14. Nfe5 Nd7 15. f4 (15. e3 Nxe5 16. dxe5 Be7 17. Rfc1 b6 18. b4
Bb7 19. a4 a5 20. cxd5 cxd5 21. Qc7 Qd8 22. b5 Qxc7 23. Rxc7 Bd8 24. Rc2 Rc8
25. Rac1 Rxc2 26. Rxc2 Rf7 27. f4 {None of the players can make any serious
attempt to play for a win in this blocked position, 1/2 Gaprindashvili,V (2414)
-Moskalenko,V (2469)/Alushta 1999/EXT 2000}) 15... Nxe5 16. fxe5 Be7 17. cxd5
cxd5 18. Rac1 Bd7 19. Qd2 Bb5 20. Nc5 Bxc5 21. Rxc5 Rc8 22. Rxc8 Qxc8 23. Rc1
Qd7 24. Qc2 Kg7 $11 {Black has little to fear. His "bad bishop" is in fact
more active than its rival, while White's control over the c-file is
compensated by Black's possibility of opening the position on the other wing,
Komljenovic,D (2495)-Moskalenko,V (2505)/San Sebastian 1992/EXT 2002 (1/2, 47)}
) 9. Nxf4 g5 {Apparently, it is for the sake of this move that Black has
captured on f4. We can call the move a novelty, since it had been seen only in
games between players of a lower level.} (9... Qe7 10. Nd2 Nbd7 (10... Ne4 11.
Rac1 Bd7 12. Nd3 Be8 {Cmilyte,V (2466)-Medic,M (2260)/Dresden 2007/CBM 117 ext
(1-0, 54)} 13. Nf3 $14) 11. b4 {This looks a bit hurried, but eventually
worked out well.} ({Personally, I would prefer} 11. Nf3 Ne4 12. Nd3 $14) 11...
Ne4 12. b5 Ndf6 13. Nb3 dxc4 14. Qxc4 Nd6 15. Qb4 Nd5 16. Nxd5 cxd5 17. Rac1
$14 {Tunik,G (2450)-Hoang Thanh Trang (2300)/Budapest 1992/CBM 030 ext (1-0,
51)}) (9... Qe8 10. Nd2 Nbd7 11. Nf3 dxc4 $6 12. Qxc4 Nd5 13. e3 Qe7 14. Rfe1
Kh8 15. Nd3 N5f6 16. b4 $16 {Ovsejevitsch,S (2568)-Marcussen,C (1988)/Esbjerg
2007/CBM 119 ext (1-0, 62)}) 10. Nd3 Ne4 11. e3 {This move does not seem
really necessary.} ({Black is too poorly developed to allow himself open the
centre after} 11. Nd2 dxc4 (11... g4 $6 12. f3 $16) (11... Nxd2 12. Qxd2 dxc4
$6 13. Ne5 $16) (11... Nd7 12. Nf3 $14) 12. Nxc4 Qxd4 13. Rad1 $16) 11... Nd7
12. f3 {A move White generally prefers to do without at this stage of the game,
but after the overcautious previous move, there was nothing better.} ({Now,
things are less clear after} 12. Nd2 Nxd2 13. Qxd2 dxc4 {[%csl Ge5]}) 12... Nd6
13. Nd2 Qf6 14. f4 $14 {White should not define the position so soon, as this
will give Black the control over the e4-square.} (14. Rae1 $5 {[%cal Gg1h1,
Gc2c3,Ye3e4]} b6 (14... a5 15. Qc3) (14... Rb8 $5 15. Kh1 b6) 15. cxd5 $1 (15.
Qc3 Ba6 16. b3 c5 $132) 15... cxd5 16. Qc6 Nb7 17. f4 $16) 14... g4 (14... h6
$5) 15. b4 Qe7 16. a4 a6 17. Ne5 Nf6 {Black unnecessarily refrains from moving
to e4, tolerating the enemy knight on e5 at the same time.} (17... Nxe5 18.
dxe5 Ne4 $14) 18. c5 Nde8 (18... Nde4 19. Bxe4 fxe4 (19... dxe4 20. Ndc4 $16)
20. b5 $14) 19. h3 (19. b5 $14) 19... gxh3 $2 {An obvious strategic concession,
exchanging the important g-pawn for a rook pawn.} ({Both players probably
thought that} 19... h5 $5 {was impossible because of the fork on g6, but
things are not that simple.} 20. hxg4 (20. Ng6 $2 Qg7 21. Nxf8 gxh3 22. Bxh3
Qxg3+ 23. Bg2 Qxe3+ 24. Kh1 Kxf8 $44) 20... Nxg4 $8 21. Rae1 Qg7 $14 {/<=>})
20. Bxh3 $16 Kh8 21. Kf2 Rg8 22. Rh1 Nd7 23. Bg2 Nef6 24. Bf3 Nxe5 25. dxe5
Ne4+ 26. Bxe4 fxe4 27. Nb3 {White has obtained a dream position, with a
fantastic d4-square for his knight and a mass of mobile pawns on the kingside.
He also has the queenside attack based on b5 in reserve. Black is practically
lost.} Bd7 28. Rh3 Rg4 29. Rah1 Rag8 30. Nd4 R8g6 31. Qd1 Qg7 32. Qg1 h6 33.
Qh2 Kh7 34. Ne2 Qf8 35. Rh5 {I do not know whether Black lost on time or
whether the scoresheets were illegible starting from this moment.} ({White
should aim to unblock his pawns by exchanging rooks:} 35. Rh5 Be8 (35... Qg7
36. Rh4) 36. Nd4 Bd7 (36... Bf7 37. Rh4 Qg7 38. Rxg4 Rxg4 39. Qh3 Qg6 40. b5
$16) 37. Rh4 Qg7 38. Rxg4 Rxg4 39. Qg2 Qg6 40. Rh3 Be8 41. Qh2 Bf7 42. Rh4 $16)
1-0

[Event "RUS-chT 9th"]
[Site "Ekaterinburg"]
[Date "2002.05.18"]
[Round "2"]
[White "Sakaev, Konstantin"]
[Black "Dolmatov, Sergey"]
[Result "1-0"]
[WhiteElo "2649"]
[BlackElo "2586"]
[Annotator "Postny,E"]
[PlyCount "175"]
[EventDate "2002.05.17"]
[EventType "team"]
[EventRounds "10"]
[EventCountry "RUS"]
[SourceTitle "CBM 090"]
[Source "ChessBase"]
[SourceDate "2002.09.20"]
[SourceVersion "1"]
[SourceVersionDate "2002.09.20"]
[SourceQuality "1"]

1. d4 e6 2. c4 f5 3. g3 Nf6 4. Bg2 d5 5. Nh3 c6 6. O-O Bd6 7. Bf4 Be7 {Black
avoides the exchange of the dark-squared BB, which is usually unfavourable for
him. The visible loss of tempo is not really important here.} 8. Nd2 (8. Qc2 {
- see the game Hebert,J-Tyomkin,D/Montreal2 2000/CBM 79 [Tyomkin]}) 8... O-O 9.
Nf3 {In my Database I found only one game where this move appeared. The main
alternatives are:} (9. a3 h6 10. Bxb8 Rxb8 11. Nf4 Bd6 12. Nd3 Bd7 13. b4 Be8
14. Qb3 Ne4 15. Nf3 Bh5 16. Ra2 Kh8 17. Nfe5 $14 {1-0 Korobov,A-Moiseenko,A/
Ohrid 2001/CBM 84 (38)}) (9. Qc2 Na6 $1 10. Rfd1 h6 11. f3 (11. a3 g5 12. Be5
Ng4 13. b4 Bd7 14. b5 Nc5 15. bxc6 bxc6 16. Nf3 Ne4 $15 {1-0 Aleksandrov,
A-Gleizerov,E/Voskresensk 1993/CBM 38 (75)}) 11... g5 12. Be3 Bd7 13. a3 Be8
14. Kh1 Bg6 15. b4 Nc7 16. Bg1 Kg7 17. e4 $13 {1-0 Dobrov,V-Gleizerov,E/
Oberwart 2001/EXT 2002 (42)}) 9... Nh5 $6 $146 {A standart idea for this setup,
but in this concrete context not really sound.} (9... Ne4 10. Ne5 g5 11. Be3
Nd7 12. Qc1 h6 13. f3 Nd6 14. c5 Nf7 15. Ng6 Re8 16. Nxe7+ Qxe7 17. Nf2 e5 $132
{1/2-1/2 Nikolic,P-Chandler,M/Hastings 1989/TD (28)}) 10. Bg5 Nd7 11. Bxe7 Qxe7
12. Qc2 {White achieved the favourable exchange of the dark-squared BB and has
already clear advantage.} Ndf6 {Black is keeping the knight on h5, in order to
prevent the transfer of the white Nh3 via f4 to d3, but not for long...} 13. e3
$1 Ne4 14. Ne5 (14. Nf4 $6 Nxf4 15. exf4 dxc4 {[%csl Rd4]}) 14... Bd7 (14... g5
15. f3 Nd6 16. c5 Nf7 17. Nxf7 Rxf7 18. f4 $16) 15. Nf4 Be8 (15... Nxf4 16.
exf4 $16) 16. Nfd3 {A dream position for white in the Stonewall setup.} g5 {
The logical attempt to create any counterplay, since black's position is
strategically irreparable.} 17. b4 Nhf6 18. c5 $6 {[%csl Re4][%cal Gf2f3]} ({
I think, that white first should drive away the black Ne4 and then to close
the position.} 18. f3 Nd6 19. c5 Nf7 20. Rfb1 $16 {[%cal Ya2a4,Yb4b5]}) 18...
g4 $1 {[%csl Ge4]} 19. Nf4 Nd7 ({Comes into cosideration} 19... Kg7 {[%cal
Yf8h8,Yh7h5,Yh5h4]}) 20. Bxe4 Nxe5 21. Bxd5 exd5 22. dxe5 Qxe5 {The past
exchanges did make black's life a bit easier, however his position is still
very unpleasant, mainly because of bad Be8.} 23. Rad1 Rd8 (23... a5 24. b5 $16)
24. Rd4 {The white pieces occupied strong blockading squares. However it's not
easy to break opponent's defense, since black has enough space for regrouping
his pieces.} a6 25. Kg2 {Preparing the plan, which follows on the next moves.}
Rd7 26. Rh1 Re7 $1 {The best place for the R.} 27. h3 gxh3+ $6 {A dubious
exchange. I think, black should keep the pawn on g4.} (27... Bd7 $5) 28. Rxh3
Qg7 29. Qd2 Rf6 30. Ne2 {[%cal Yd4h4,Ye2d4]} Re4 $1 31. Rh4 (31. Nc3 Rg4 $1)
31... Rh6 32. Rxh6 Qxh6 33. Nf4 Qg5 34. f3 Re7 {Black rightly avoides the RR
exchange, which is favourable for white.} 35. Kf2 Qh6 36. Ng2 Rg7 37. Rh4 Qg5
38. Rh3 {Very nice regrouping.} Qf6 39. Qd4 Qxd4 $6 {It's hard to give a good
advice for black, but he should avoid the exchange of QQ.} (39... Qe7 $16) 40.
exd4 {[%mdl 16]} b6 {Probably Dolmatov relied on this move, which opens the
"b" file for his R, but as the continuation of the game shows, this is
insufficient.} 41. Rh1 (41. cxb6 $2 Rb7 42. Nf4 Rxb6 43. Nd3 f4 $1 {[%csl Rd3]
[%cal Ge8g6,Gg6d3]}) 41... bxc5 42. Re1 Bg6 43. bxc5 ({After} 43. dxc5 $2 Rb7
44. a3 a5 {black reaches the draw easily.}) 43... Rb7 44. Nf4 Rb4 {The only
practical chance.} ({If black prevents the penetration of opponent's R by} 
44... Bf7 {, white can do the same} 45. Nd3 $18 {[%cal Gf2e3,Ge3f4]}) 45. Re6
Rxd4 46. Rxc6 Bf7 (46... Ra4 47. Nxd5 Rxa2+ 48. Ke3 $18) 47. Ke3 ({Not so
clear is} 47. Rxa6 $6 Rc4 48. c6 d4) 47... Ra4 48. Ne2 $1 {A superb
coordination of white's pieces.} f4+ (48... Ra3+ 49. Kf4 Rxa2 50. Nd4 Ra4 51.
Ke5 $18 {[%csl Gc5,Gc6,Gd4,Ge5]}) 49. gxf4 ({Probably simplier is} 49. Nxf4
Ra3+ 50. Kd4 Rxf3 51. Rxa6 Rxg3 52. c6 Rg4 53. Ke5 $18) 49... Bg6 50. f5 $5 {
Gaining more space for the K.} ({Also strong enough is} 50. Rb6 Rxa2 51. c6)
50... Bxf5 51. Nd4 Bh3 52. Rh6 Bc8 53. Rc6 Bh3 54. Rh6 Bc8 55. Rd6 {In spite
of the material equality white's position is winning, thanks to a superb
coordination of all his pieces.} Kf7 ({More stubborn is} 55... Kg7) 56. Rc6 Bh3
57. Rh6 {White wins the Ph7 and eventually the game.} Bc8 58. Rxh7+ Kf6 59. Rh8
Ra3+ 60. Kf4 Ra4 61. Ke3 Ra3+ 62. Nb3 Be6 (62... Bd7 63. c6 Bxc6 64. Rh6+ $18 {
[%csl Rc6]}) 63. c6 Ke5 64. f4+ $6 ({Simply winning was} 64. c7 Rxa2 65. f4+ $1
Kd6 66. c8=Q Bxc8 67. Rxc8 $18) 64... Kd6 65. Rh6 Ke7 66. c7 $6 {Another
inaccuracy.} (66. Kd4 Ra4+ (66... Rxa2 67. Nc5 $18) 67. Kc5 Rxf4 68. Nd4 $18)
66... Bc8 67. Kd4 Kd7 68. Kxd5 (68. Rh7+ $2 Kd6) 68... Kxc7 69. Rh7+ Kb6 70.
Rh2 Ra4 $6 {After this wrong manoeuvre white wins easily.} ({Black could
produce a tougher resistance after} 70... a5 $1 {[%cal Ga5a4] White still has
to work hard to win this endgame. For example:} 71. Rf2 (71. Ke5 a4 72. Nd4
Re3+ {[%csl Ge3]}) 71... a4 72. Nd4 Bb7+ 73. Kc4 Ba6+) 71. Ke5 Rb4 72. Nd4 Rb1
73. f5 Bxf5 {Resigning to the inevitable. However there was no defence anyway.}
(73... Re1+ 74. Re2 Rxe2+ 75. Nxe2 Kc7 76. Nf4 Kd8 77. Kf6 $18) 74. Nxf5 Kc5 {
It looks like black has serious chances to capture white's last pawn, but with
precise play Sakaev convincingly refutes black's last counterplay.} 75. Rc2+
Kb4 76. Ne3 Ka4 77. Kd4 a5 78. Kc3 Ka3 79. Nc4+ Ka4 80. Nd2 Rb4 81. Nb3 {
The white pawn is completely safe now, and the rest is an easy technic.} Kb5
82. Rd2 Rc4+ 83. Kb2 a4 84. Nd4+ Kc5 85. Nc2 Rh4 86. Rd3 Kc4 87. Rc3+ Kb5 88.
Ka3 1-0

[Event "North Sea Cup 18th"]
[Site "Esbjerg"]
[Date "2003.06.06"]
[Round "3"]
[White "Sasikiran, Krishnan"]
[Black "Krasenkow, Michal"]
[Result "1/2-1/2"]
[WhiteElo "2658"]
[BlackElo "2609"]
[Annotator "Roiz,M"]
[PlyCount "54"]
[EventDate "2003.06.04"]
[EventType "tourn"]
[EventRounds "9"]
[EventCountry "DEN"]
[EventCategory "15"]
[SourceTitle "CBM 096"]
[Source "ChessBase"]
[SourceDate "2003.09.25"]
[SourceVersion "1"]
[SourceVersionDate "2003.09.25"]
[SourceQuality "1"]

1. Nf3 d5 2. d4 c6 3. c4 e6 4. Nbd2 f5 {It is a very popular order of moves
nowdays:the stone wall system is much more comfortable for black with the Nd2.}
5. g3 Nf6 6. Bg2 Bd6 7. O-O O-O 8. Ne5 c5 $5 {An original reaction for this
type of positions!} ({Another possible method of play may be:} 8... Nbd7 9.
Ndf3 Ng4 $1 {[%csl Ye5][%cal Gg4e5]} (9... Ne4 10. Qc2 Qe8 11. Nxd7 Qxd7 (11...
Bxd7 12. Bf4 $14) 12. Ne5 Qe7 13. Nd3 Bd7 14. Bf4 Bxf4 15. Nxf4 Rae8 16. Nd3
Nd6 17. c5 Nf7 18. f4 $14 {1/2-1/2 Kozul,Z-Piskov,Y/GMA-Open Belgrade 1988})
10. Bg5 Qe8 11. Bf4 Ngxe5 12. Nxe5 Nxe5 13. Bxe5 Bxe5 14. dxe5 b6 15. b4 Bb7
16. Rc1 Qe7 $11 {0-1 Kozul,Z-Nikolic,P/Bled/Rogaska Slatina 1991}) (8... Qe7 9.
Ndf3 Ne4 10. Qc2 b6 11. cxd5 cxd5 12. Nd3 Bb7 13. Bf4 Rc8 14. Bxd6 Qxd6 15. Qa4
Bc6 16. Qb3 Be8 17. Rfc1 Nc6 18. e3 Rc7 19. Nfe5 Rac8 $11 {1/2-1/2 Labunskiy,
D-Galkin,A/RUS-chT 9th Ekaterinburg 2002}) 9. Ndf3 Nc6 10. cxd5 exd5 11. Bf4
$146 {White is not in a hurry to simplify the position.} (11. Nxc6 bxc6 12.
dxc5 Bxc5 13. Ne5 (13. Nd4 Bd7 14. Be3 Bb6 $11) 13... Qc7 14. Nd3 (14. Bf4 g5
15. Nd3 gxf4 16. Nxc5 fxg3 17. hxg3 f4 $132) 14... Bb6 15. Bf4 Qe7 16. a4 Ne4
17. Qc2 Bd7 18. Ne5 {1/2-1/2 Kaidanov,G-Tregubov,P/Moscow Aeroflot op 2002})
11... cxd4 12. Rc1 (12. Nxc6 bxc6 13. Bxd6 Qxd6 14. Nxd4 Bd7 $11 {[%cal Gc6c5,
Gf6e4,Ga8e8]}) 12... Nxe5 13. Bxe5 Bxe5 14. Nxe5 Qb6 {[%csl Rb2,Rd4][%cal
Gb6d4,Gb6b2] Black must defend on his extra pawn-otherwise his position will
be hard.} 15. Qb3 Re8 16. f4 $8 d3+ ({possible was also:} 16... Qxb3 17. axb3
a5 {[%cal Ga8a6,Ga6b6]} (17... Be6 $6 18. Nf3 $1 $14) 18. Rfd1 Be6 19. Rxd4
Rac8 20. Rdd1 Ne4 $11 {[%csl Rb3]}) 17. Qxb6 axb6 18. exd3 (18. a3 dxe2 19.
Rfe1 Be6 20. Kf2 Rec8 $15) 18... Rxa2 19. Rc7 {That move leads to a force draw.
} ({Another way was to keep the pawn,trying to improve the position.But after:
} 19. Rf2 Be6 20. Rc7 Ra7 (20... Rc8 21. Re7 Rc1+ 22. Rf1 Rxf1+ 23. Kxf1) 21.
Rfc2 Kf8 22. Kf2 Re7 {[%cal Gf6e8] black is out of danger.}) 19... Rxb2 20.
Rfc1 Be6 21. Rxb7 d4 $1 {[%cal Gb2g2,Ge6d5] That is the point! White cannot
avoid exchanges.} 22. Rcc7 (22. Bf3 Kf8 23. Rcc7 Ng4 $1 24. Rxg7 (24. Bxg4 fxg4
25. Rxg7 Ra8 26. Ra7 Rxa7 27. Rxa7 Rb1+ $11) 24... Ra8 25. Ra7 Rxa7 26. Rxa7
Rb1+ 27. Kg2 Rb2+ $11) 22... Rxg2+ 23. Kxg2 Bd5+ 24. Kh3 Bxb7 25. Rxb7 Ng4 $1 {
The most accurate way to a draw-the Ne5 is too strong.} (25... Re6 $6 26. Rb8+
Ne8 27. Nf3 $14 {[%csl Rd4][%cal Gf3d4]}) (25... Nd5 $6 26. Rd7 Nc3 27. Rxd4 b5
28. Rd7 Rb8 29. Nc6 Re8 30. Nd4 $14) 26. Nxg4 fxg4+ 27. Kxg4 Re3 1/2-1/2